Countries Visited by Queen Elizabeth II - Statistics

General Stats
  • This quiz has been taken 256 times
  • The average score is 71 of 105
Answer Stats
Answer % Correct
Canada
96%
United States of America
96%
Australia
94%
France
93%
Germany
91%
Sweden
91%
Russia
90%
Spain
90%
Ireland
89%
Italy
89%
Japan
88%
Norway
88%
Austria
87%
Brazil
87%
Finland
87%
Portugal
87%
China
86%
India
86%
Denmark
85%
Mexico
85%
Netherlands
85%
New Zealand
85%
Belgium
84%
South Africa
84%
Poland
81%
South Korea
77%
Switzerland
77%
Indonesia
75%
Kenya
75%
Turkey
75%
Chile
74%
Luxembourg
74%
Bahamas
73%
Estonia
73%
Hungary
73%
Pakistan
73%
Algeria
72%
Latvia
72%
Lithuania
72%
Vatican City
72%
Morocco
71%
Nigeria
71%
Thailand
71%
Czechia
70%
Jamaica
70%
Malaysia
70%
Barbados
69%
Iceland
69%
Malta
69%
Saudi Arabia
69%
Fiji
68%
Iran
68%
Slovakia
68%
Zimbabwe
67%
Slovenia
66%
Antigua and Barbuda
65%
Singapore
65%
Tanzania
64%
United Arab Emirates
64%
Zambia
64%
Oman
63%
Bangladesh
62%
Saint Kitts and Nevis
62%
Yemen
62%
Cyprus
60%
Libya
60%
Saint Lucia
60%
Bahrain
59%
Jordan
59%
Kuwait
59%
Trinidad and Tobago
59%
Tuvalu
59%
Nepal
58%
Qatar
58%
Saint Vincent and the Grenadines
58%
Sri Lanka
58%
Tunisia
58%
Botswana
57%
Ethiopia
57%
Ghana
57%
Tonga
57%
Belize
56%
Sudan
56%
Nauru
55%
Papua New Guinea
55%
Uganda
55%
Dominica
54%
Grenada
54%
Namibia
54%
Panama
54%
Samoa
54%
Solomon Islands
52%
Kiribati
51%
Maldives
50%
Brunei
49%
Mozambique
49%
Guyana
48%
Seychelles
48%
Malawi
43%
Mauritius
42%
Gambia
40%
Sierra Leone
40%
Yugoslavia
37%
Liberia
36%
West Germany
16%
No matching quizzes found
Score Distribution
Percent of People with Each Score
Percentile by Number Answered
Your Score History
You have not taken this quiz